000 00561nam a2200181Ia 4500
008 090123s9999 xx 000 0 und d
082 _b27746
100 _aभुर्के श्याम
245 _aखुमास दार अत्रे
250 _a1
260 _bसन प्रकाशन
300 _a160
600 _aभुर्के श्याम
630 _aखुमास दार अत्रे
700 _aभुर्के श्याम
730 _aखुमास दार अत्रे
942 _cBOOK
999 _c66117
_d66117